| 000 | 00366cam a22001217a 4500 | ||
|---|---|---|---|
| 008 | 180718b1980 xxu||||| |||| 00| 0 eng d | ||
| 082 | _aC35x54 D642i | ||
| 100 | _aDiwan, Paras | ||
| 245 |
_aIndian constitutional amendments from first to forty-fourth _cby Paras Diwan |
||
| 260 |
_aDelhi _bOxford & IBH _c1980 |
||
| 300 | _a268p. | ||
| 650 | _aConstitutional law --India | ||
| 999 |
_c343653 _d343653 |
||